Statistiken für 100 Beste Tennisspieler 2023 (Weltrangliste)

Klicken Sie hier um das Quiz zu spielen!

Allgemein

  • Dieses Quiz wurde 57 mal gespielt
  • Das Durchschnittsergebnis liegt bei 28 aus 100

Antwortstatistiken

HinweisAntwort% Korrekt
SerbienDjokovic
100%
DeutschlandZverev
95%
RusslandMedvedev
93%
SpanienAlcaraz
90%
ItalienSinner
90%
GriechenlandTsitsipas
83%
DänemarkRune
76%
NorwegenRuud
76%
RusslandRublev
73%
PolenHurkacz
68%
BulgarienDimitrov
66%
Australiende Minaur
63%
DeutschlandStruff
59%
U.S.A.Fritz
54%
ÖsterreichThiem
54%
U.S.A.Shelton
51%
U.S.A.Tiafoe
49%
KasachstanBublik
46%
GroßbritannienMurray
46%
U.S.A.Paul
44%
FrankreichHumbert
41%
RusslandKhachanov
41%
FrankreichMonfils
41%
ItalienBerrettini
34%
NiederlandeGriekspoor
34%
KanadaAuger-Aliassime
32%
ArgentinienBaez
32%
ArgentinienCerundolo
32%
KroatienCoric
32%
ChileJarry
32%
SpanienDavidovich Fokina
29%
ArgentinienEtcheverry
29%
ItalienMusetti
29%
GroßbritannienNorrie
29%
SchweizWawrinka
29%
DeutschlandHanfmann
27%
DeutschlandKoepfer
27%
TschechienLehecka
27%
FrankreichMannarino
27%
SerbienDjere
24%
U.S.A.Korda
24%
ÖsterreichOfner
24%
Niederlandevan de Zandschulp
24%
DeutschlandAltmaier
22%
ItalienSonego
22%
AustralienThompson
22%
SpanienBautista Agut
20%
FrankreichFils
20%
ChinaZhang
20%
GroßbritannienEvans
17%
SerbienKecmanovic
17%
SerbienLajovic
17%
UngarnMarozsan
17%
DeutschlandMarterer
17%
IndienNagal
17%
BrasilienSeyboth Wild
17%
ItalienArnaldi
15%
ArgentinienCoria
15%
GroßbritannienDraper
15%
U.S.A.Eubanks
15%
UngarnFucsovics
15%
BelgienGoffin
15%
PortugalBorges
12%
ArgentinienCachin
12%
SpanienCarballes Baena
12%
JapanDaniel
12%
ItalienDarderi
12%
ItalienFognini
12%
FrankreichGaston
12%
U.S.A.Giron
12%
TschechienMachac
12%
SpanienMunar
12%
ItalienNardi
12%
JapanNishioka
12%
FinnlandRuusuvuori
12%
KasachstanShevchenko
12%
ChileTabilo
12%
ArgentinienDiaz Acosta
10%
RusslandKaratsev
10%
U.S.A.McDonald
10%
U.S.ANakashima
10%
ArgentinienNavone
10%
AustralienPurcell
10%
FrankreichRinderknech
10%
RusslandSafiullin
10%
ItalienCobolli
7%
RusslandKotov
7%
TschechienMensik
7%
U.S.A.Michelsen
7%
AustralienPopyrin
7%
Frankreichvan Assche
7%
FrankreichCazaux
5%
AustralienHijikata
5%
U.S.A.Kovacevic
5%
FrankreichLestienne
5%
AustralienO‘Connell
5%
AustralienVukic
5%
KolumbienGalan Riveros
2%
SpanienMartinez Portero
2%
ArgentinienTirante
2%

Verteilung der Resultate

Perzentil nach korrekt beantworteten Fragen

Anzahl Personen mit jedem Resultat

Ihre Resultats-Entwicklung

Sie haben dieses Quiz noch nicht gespielt